Statystyki dla 4-literowe nazwy pierwiastków chemicznych

Kliknij tutaj aby rozwiązać quiz!

Ogólne statystyki

  • Ten quiz został rozwiązany 568 razy
  • Średni wynik to 10 z 21

Statystyki odpowiedzi

Pierwiastek% Poprawnych
Tlen
90%
Azot
81%
Brom
78%
Cynk
69%
Cyna
66%
Neon
66%
Wapń
60%
Glin
59%
Uran
55%
Rtęć
51%
Ołów
47%
Kadm
37%
Iryd
32%
Hafn
31%
Niob
31%
Bohr
30%
Kiur
30%
Dubn
29%
Terb
26%
Holm
24%
Ferm
22%

Rozkład punktacji

Percentyl według liczby udzielonych odpowiedzi

Procent ludzi z każdym wynikiem

Twoja historia wyników

Nie rozwiązałeś tego quizu